Študijný odbor Cestovný ruch a hospodárska prax

Samostatný študijný odbor "Cestovný ruch" je súčasťou vysokoškolského vzdelávania na Obchodnej fakulte EU Bratislava od r. 1992. Stratégia rozvoja študijného odboru "Cestovný ruch"- formulácia dimenzií.

Gespeichert in:
Bibliographische Detailangaben
1. Verfasser: Novacká, Ľudmila, 1953-
Format: Buchkapitel
Sprache:Slowakisch
Schlagworte:
Tags: Tag hinzufügen
Keine Tags, Fügen Sie das erste Tag hinzu!

MARC

LEADER 00000naa$a2200000$$$4500
001 0009622
005 20221104094624.8
041 0 |a slo 
044 |a SK 
245 1 0 |a Študijný odbor Cestovný ruch a hospodárska prax  |c aut. Ľudmila Novacká 
520 |a Samostatný študijný odbor "Cestovný ruch" je súčasťou vysokoškolského vzdelávania na Obchodnej fakulte EU Bratislava od r. 1992. Stratégia rozvoja študijného odboru "Cestovný ruch"- formulácia dimenzií. 
610 2 0 |a odbory študijné 
610 2 0 |a výučba vedecká 
610 2 0 |a ruch cestovný 
610 2 0 |a Obchodná fakulta Ekonomickej univerzity v Bratislave 
100 1 |a Novacká, Ľudmila, 1953-